000 00339nam a2200145Ia 4500
005 20251222144624.0
008 251222s9999||||xx |||||||||||||| ||spa||
020 _a9786123013417
082 _a871/M66
100 _aMitrani, Henry
245 0 _aLa Palabra y la Piedra
250 _a1ra.ed.
264 _bQC Editores, SAC.
942 _cLIB
999 _c16036
_d16036